000 00699nam a2200205Ii 4500
003 JO-AjNU
008 230605s9999||||xx |||||||||||||| ||und||
040 _aJO-AjNU
_bara
_erda
_cJO-AjNU
041 _aara
050 1 4 _aBP75.2.M3392.1996
100 3 _aنصار،محمود ، يوسف،السيد,
_eauthor
_918653
245 0 0 _aمحاولات اغتيال النبي وفشلها صلى الله عليه وسلم وفشلها
250 _aط1
264 3 1 _aبيروت:دار الكتب العلمية ،1996
300 _a102ص
336 _atext
_btxt
_2rdacontent
337 _aunmediated
_bn
_2rdamedia
338 _avolume
_bnc
_2rdacarrier
650 4 _aالسيرة النبوية
_918654
999 _aA6007
_c9575
_d9575